[Event "GER-chT Federal Cup (Women)"]
[Site "Braunfels"]
[Date "2012.06.07"]
[Round "1.7"]
[White "Boehme Ziska, Christine"]
[Black "Holle, Verena"]
[Result "1-0"]
[WhiteElo "1733"]
[BlackElo "1338"]
[PlyCount "67"]
[EventDate "2012.06.07"]
[EventType "team-swiss"]
[EventRounds "5"]
[EventCountry "GER"]
[SourceTitle "CBM 149 Extra"]
[Source "ChessBase"]
[SourceDate "2012.08.24"]
[SourceVersion "1"]
[SourceVersionDate "2012.08.24"]
[SourceQuality "1"]
[WhiteTeam "Sachsen (W)"]
[BlackTeam "Saarland (W)"]
[WhiteTeamCountry "GER"]
[BlackTeamCountry "GER"]

1. c4 e6 2. Nc3 f5 3. d4 c6 4. Nf3 Nf6 5. e3 d5 6. Qc2 Bd6 7. c5 Bc7 8. b4 0-0 9. Bd3 Ne4 10. 0-0 Nd7 11. Ne2 Rf6 12. b5 Rh6 13. bxc6 bxc6 14. g3 Ndf6 15. Kg2 Qe8 16. h3 Qh5 17. Rh1 Ng5 18. Nxg5 Qxg5 19. e4 f4 20. Nxf4 Bxf4 21. Bxf4 Qh5 22. Bxh6 Qxh6 23. e5 Nh5 24. Rab1 g6 25. Rb2 Qg5 26. Qd2 Qe7 27. Rhb1 Ng7 28. Rb8 Rxb8 29. Rxb8 Qc7 30. Qb2 Nf5 31. Ba6 Ne7 32. Bxc8 Nxc8 33. Ra8 Kg7 34. Qb8 1-0